| 000 | 01642cam a2200385 a 4500 | ||
|---|---|---|---|
| 001 | 14751867 | ||
| 003 | OSt | ||
| 005 | 20151014093129.0 | ||
| 008 | 070228s2007 enkab b 001 0 eng | ||
| 010 | _a 2007008624 | ||
| 020 | _a9780194741590 | ||
| 040 |
_aDLC _cDLC _dDLC |
||
| 043 | _an-us--- | ||
| 050 | 0 | 0 |
_aPE1128 _b.W7256 2007 |
| 082 | 0 | 0 |
_a428.0076 _222 _bACS |
| 100 | 1 |
_aWilliams, Jessica, _d1957- _952379 |
|
| 245 | 1 | 0 |
_aAcademic Skills : _breading,writing and study skills / _cJessica Williams. |
| 260 |
_aCambridge ; _aNew York : _bCambridge University Press, _c2007. |
||
| 300 |
_axxi, 242 p. ; _bill., maps ; _c26 cm. |
||
| 490 | 0 | _aAcademic encounters | |
| 500 | _a"Intermediate." | ||
| 504 | _aIncludes bibliographical references (p. 235-237) and index. | ||
| 650 | 0 |
_aEnglish language _vTextbooks for foreign speakers. _952380 |
|
| 650 | 0 |
_aEnglish language _xRhetoric _vProblems, exercises, etc. _952381 |
|
| 650 | 0 |
_aStudy skills _vProblems, exercises, etc. _952382 |
|
| 650 | 0 |
_aListening _vProblems, exercises, etc. _95080 |
|
| 650 | 0 |
_aAcademic writing _vProblems, exercises, etc. _952383 |
|
| 650 | 0 |
_aReport writing _vProblems, exercises, etc. _952384 |
|
| 651 | 0 |
_aUnited States _xCivilization _vProblems, exercises, etc. _952385 |
|
| 856 | 4 | 1 |
_3Table of contents only _uhttp://www.loc.gov/catdir/toc/ecip0712/2007008624.html |
| 856 | 4 | 2 |
_3Publisher description _uhttp://www.loc.gov/catdir/enhancements/fy0729/2007008624-d.html |
| 906 |
_a7 _bcbc _corignew _d1 _eecip _f20 _gy-gencatlg |
||
| 942 |
_2ddc _cBOOK |
||
| 999 |
_c38469 _d272969 |
||